Spatial Distribution of Consumer Preferences: Case Study of Shopping Malls in Bratislava

Proces globalizácie v postkomunistických krajinách je väčšinou viditeľný v zmenách správania spotrebiteľov, čo vedie k tomu, že nákupné centrá sa stávajú preferovaným, maloobchodným formátom. Vývoj nákupných centier v Bratislave. Zhodnotenie spotrebiteľských preferencií v obchodných centrách v Brati...

Descrizione completa

Salvato in:
Dettagli Bibliografici
Autore principale: Križan, František
Altri autori: Bilková, Kristína, Barlík, Peter, Kita, Pavol, Kita, Peter
Natura: Capitolo di libro
Lingua:inglese
Soggetti:
Tags: Aggiungi Tag
Nessun Tag, puoi essere il primo ad aggiungerne!!

MARC

LEADER 00000nla a2200000 4500
001 0240439
005 20240502083645.3
041 0 |a eng 
044 |a RO 
245 1 0 |a Spatial Distribution of Consumer Preferences: Case Study of Shopping Malls in Bratislava  |c František Križan, Kristína Bilková, Peter Barlík, Pavol Kita, Peter Kita 
520 |a Proces globalizácie v postkomunistických krajinách je väčšinou viditeľný v zmenách správania spotrebiteľov, čo vedie k tomu, že nákupné centrá sa stávajú preferovaným, maloobchodným formátom. Vývoj nákupných centier v Bratislave. Zhodnotenie spotrebiteľských preferencií v obchodných centrách v Bratislave z hľadiska priestorového rozdelenia. 
610 2 0 |a správanie spotrebiteľa 
610 2 0 |a centrá obchodné 
610 2 0 |a centrá nákupné 
610 2 0 |a mestá 
100 1 |a Križan, František 
700 1 |a Bilková, Kristína 
700 1 |a Barlík, Peter 
700 1 |a Kita, Pavol 
700 1 |a Kita, Peter